Шлиховой метод поисков. Минералогический анализ шлихов и проб-протолочек: справочное пособие для учащихся Школы юного геолога

Bibliografski detalji
Glavni autor: Мартынова Н. Н. Надежда Николаевна
Autor kompanije: Национальный исследовательский Томский политехнический университет (ТПУ)
Sažetak:Цель предлагаемого пособия - дать основные представления о методике проведения шлиховых поисковых работ, лабораторных исследований шлихов и интерпретации полученных результатов. Автор пособия основывался на собственном практическом опыте шлихового опробования и лабораторных исследований шлихов при проведении практик студентов ТПУ ИПР на полигоне в Хакасии и многолетних научно-исследовательских работ в районах Кузнецкого Алатау, Алтая, Тувы и Казахстана. Также использованы данные, накопленные ведущими геологами-специалистами в области шлихового метода поисков (Ю. А. Билибин, И. М. Озеров, А. А. Кухаренко, В. В. Ляхович, Е.М. Захарова, Е. В. Копченова, В. Г. Родыгина и др.). Приведенное большое количество авторских фотографий минералов и описание их диагностики позволит шкoльникaм самостоятельно определять шлиховые минералы. Пособие также будет полезно студентам геолого-разведочных вузов и работникам производственных организаций, занимающихся шлиховыми поисками.
Jezik:ruski
Izdano: Томск, Изд-во ТПУ, 2016
Izdanje:2-е изд., доп.
Teme:
Format: Knjiga
KOHA link:https://koha.lib.tpu.ru/cgi-bin/koha/opac-detail.pl?biblionumber=327190

MARC

LEADER 00000nlm0a2200000 4500
001 327190
005 20231102003933.0
010 |a 9785438706960 
035 |a (RuTPU)RU\TPU\book\352850 
035 |a RU\TPU\book\342448 
035 |a RU\TPU\book\342474 
035 |a RU\TPU\book\352850 
090 |a 327190 
100 |a 20160404d2016 em y0rusy50 ca 
101 0 |a rus 
102 |a RU 
105 |a a g 001zy 
200 1 |a Шлиховой метод поисков. Минералогический анализ шлихов и проб-протолочек  |e справочное пособие для учащихся Школы юного геолога  |f Н. Н. Мартынова  |g Национальный исследовательский Томский политехнический университет (ТПУ) 
205 |a 2-е изд., доп. 
210 |a Томск  |c Изд-во ТПУ  |d 2016 
215 |a 180 с. 
320 |a Библиогр.: с. 176-177 
330 |a Цель предлагаемого пособия - дать основные представления о методике проведения шлиховых поисковых работ, лабораторных исследований шлихов и интерпретации полученных результатов. Автор пособия основывался на собственном практическом опыте шлихового опробования и лабораторных исследований шлихов при проведении практик студентов ТПУ ИПР на полигоне в Хакасии и многолетних научно-исследовательских работ в районах Кузнецкого Алатау, Алтая, Тувы и Казахстана. Также использованы данные, накопленные ведущими геологами-специалистами в области шлихового метода поисков (Ю. А. Билибин, И. М. Озеров, А. А. Кухаренко, В. В. Ляхович, Е.М. Захарова, Е. В. Копченова, В. Г. Родыгина и др.). Приведенное большое количество авторских фотографий минералов и описание их диагностики позволит шкoльникaм самостоятельно определять шлиховые минералы. Пособие также будет полезно студентам геолого-разведочных вузов и работникам производственных организаций, занимающихся шлиховыми поисками. 
452 1 |0 (RuTPU)RU\TPU\book\342474  |t Шлиховой метод поисков. Минералогический анализ шлихов и проб-протолочек  |o справочное пособие для учащихся Школы юного геолога  |f Н. Н. Мартынова  |g Национальный исследовательский Томский политехнический университет (ТПУ)  |c Томск  |n Изд-во ТПУ  |d 2015  |a Мартынова, Надежда Николаевна 
606 1 |a Шлиховый анализ  |2 stltpush  |3 (RuTPU)RU\TPU\subj\19376  |9 44628 
610 1 |a труды учёных ТПУ 
610 1 |a справочные пособия 
610 1 |a шлиховый метод 
610 1 |a минералогический анализ 
610 1 |a шлихи 
610 1 |a пробы 
610 1 |a шлиховые материалы 
610 1 |a полезные ископаемые 
610 1 |a шлиховые поиски 
610 1 |a поисковые работы 
610 1 |a шлиховые карты 
610 1 |a лабораторные исследования 
610 1 |a труды учёных ТПУ 
610 1 |a справочные пособия 
610 1 |a шлиховый метод 
610 1 |a минералогический анализ 
610 1 |a шлихи 
610 1 |a пробы 
610 1 |a шлиховые материалы 
610 1 |a полезные ископаемые 
610 1 |a шлиховые поски 
610 1 |a поисковые работы 
610 1 |a шлиховые карты 
610 1 |a лабораторные исследования 
675 |a 550.841(03)  |v 3 
700 1 |a Мартынова  |b Н. Н.  |c специалист в области экологии и безопасности жизнедеятельности, геолог  |c инженер Томского политехнического университета  |f 1949-  |g Надежда Николаевна  |2 stltpush  |3 (RuTPU)RU\TPU\pers\30387 
712 0 2 |a Национальный исследовательский Томский политехнический университет (ТПУ)  |c (2009- )  |2 stltpush  |3 (RuTPU)RU\TPU\col\15902 
801 1 |a RU  |b 63413507  |c 20170126 
801 2 |a RU  |b 63413507  |c 20181129  |g RCR 
900 |a Полезные ископаемые 
900 |a Минералогия 
942 |c CF